Zaguan abierto al Mexico republicano (Record no. 6049)

MARC details
000 -LEADER
campo de control de longitud fija 01053nam a2200265 i 4500
001 - NÚMERO DE CONTROL
campo de control 6049
003 - IDENTIFICADOR DE NÚMERO DE CONTROL
campo de control ES-MaACL
005 - FECHA Y HORA DE LA ÚLTIMA TRANSACCIÓN
campo de control 20251116063051.0
007 - CAMPO FIJO DE DESCRIPCIÓN FÍSICA--INFORMACIÓN GENERAL
campo de control de longitud fija t|
008 - DATOS DE LONGITUD FIJA--INFORMACIÓN GENERAL
campo de control de longitud fija 890706s1987 mx ||||1| spa d
020 ## - NÚMERO INTERNACIONAL ESTÁNDAR DEL LIBRO
Número Internacional Estándar del Libro 968-837-970-0
080 ## - NÚMERO DE LA CLASIFICACIÓN DECIMAL UNIVERSAL
Número de la Clasificación Decimal Universal 9(72)"1820/1830"
100 1# - ENTRADA PRINCIPAL--NOMBRE DE PERSONA
Nombre de persona Ortega y Medina, Juan A.,
Fechas asociadas al nombre 1913-1992
9 (RLIN) 87511
245 10 - MENCIÓN DEL TÍTULO
Título Zaguan abierto al Mexico republicano
Resto del título : (1820-1830) /
Mención de responsabilidad, etc. Juan A. Ortega y Medina.
250 ## - MENCION DE EDICION
Mención de edición 1a ed.
260 ## - PUBLICACIÓN, DISTRIBUCIÓN, ETC.
Lugar de publicación, distribución, etc. Mexico :
Nombre del editor, distribuidor, etc. Universidad Nacional Autonoma,
Fecha de publicación, distribución, etc. 1987.
300 ## - DESCRIPCIÓN FÍSICA
Extensión VIII, 216 p., 28 p. de lam., 2 h. pleg.,1 h. de map. ;
Dimensiones 23 cm.
490 1# - MENCIÓN DE SERIE
Mención de serie Instituto de Investigaciones Históricas. Serie historia moderna y contemporanea ;
Designación de volumen o secuencia 18
500 ## - NOTA GENERAL
Nota general Ded. autogr. del autor.
651 #4 - PUNTO DE ACCESO ADICIONAL DE MATERIA--NOMBRE GEOGRÁFICO
Nombre geográfico México-
Subdivisión general Historia-
Subdivisión cronológica 1820-1830.
9 (RLIN) 9063
710 2# - ENTRADA AGREGADA--NOMBRE DE ENTIDAD CORPORATIVA
Nombre de entidad corporativa o nombre de jurisdicción como elemento de entrada Universidad Nacional Autónoma de México.
9 (RLIN) 7397
830 0# - PUNTO DE ACCESO ADICIONAL DE SERIE-TÍTULO UNIFORME
Título uniforme Instituto de Investigaciones Históricas. Serie historia moderna y contemporanea ;
Designación de volumen o secuencia 18
9 (RLIN) 227756
852 ## - LOCALIZACIÓN
Ubicación ES-MaACL
Número de control de estantería L-13182
Sublocalización o colección R.116243
Nota libre . - rust.
Holdings
Estatus retirado Estado de pérdida Estado de daño No para préstamo Biblioteca de origen Biblioteca actual Ubicación en estantería Fecha de adquisición Fuente de adquisición Total de préstamos Signatura topográfica completa Código de barras Visto por última vez Precio de reemplazo Tipo de ítem Koha
        Biblioteca del Ateneo de Madrid Biblioteca del Ateneo de Madrid Depósito 2 17/01/2008     L-13182 1006151 23/02/2023 23/02/2023 Libro impreso